000 00568nam a2200181 a 4500
001 000012183
005 20200929162731.0
008 091106s1994 dr ac 001 0 spa d
040 _aDO-SdBNP
_bspa
_cBNPHU
082 _a920.72
_bD542d
100 1 _aDíaz, Sonia Esther,
_d1955-
_928789
245 1 3 _aLa dama de miel /
_cSonia Esther Díaz.
260 _aSanto Domingo :
_bEditorial Gente,
_c1994.
300 _a72 p. :
_bil., retrs. ;
_c22 cm.
600 1 4 _aBALAGUER DE VALLEJO, EMA,
_d1919-1992
_928790
910 _aValidado. Control de calidad BNPHU
049 _aBNPD
999 _c11848
_d11848